| 000 | 01466nas a2200385 i 4500 | ||
|---|---|---|---|
| 001 | 196139 | ||
| 005 | 20260623114319.0 | ||
| 008 | 920401c1990 sp mu u0uuu 0spa | ||
| 015 | _a1990/1991-1878 | ||
| 016 | 7 |
_abiseBNE19940194149 _2SpMaBN _zREVIS0000002991 |
|
| 017 |
_aM 2585-1990 _bOficina Depósito Legal Madrid |
||
| 035 | _a(OCoLC)436517997 | ||
| 035 | _a(SpMaBN)bise0000018034 | ||
| 037 | _bNuncio, 8, 28005; tf. 913643700, fax: 913655482; c.e.: femp@femp.es, p. web: www.femp.es | ||
| 040 |
_aSpMaBN _bspa _cSIC _dES-MaACL |
||
| 080 | _a352(460) | ||
| 245 | 0 | 0 |
_aCarta local : _bboletín informativo de la Federación Española de Municipios y Provincias |
| 260 |
_aMadrid : _bFEMP, |
||
| 300 |
_av. ; _c28 cm |
||
| 310 | _aMensual | ||
| 336 |
_2rdacontent _atexto |
||
| 337 |
_2rdamedia _asin mediación |
||
| 338 |
_2rdacarrier _avolumen |
||
| 362 | 1 | _aComenzó con: n. 1 (en. 1990) | |
| 588 | 0 | _aDescripción basada en : n. 365 (feb. 2023) | |
| 650 | 4 |
_aMunicipios- _zEspaña _2embne _915357 |
|
| 655 | 7 |
_9226866 _aRevistas |
|
| 710 | 0 |
_aFederación Española de Municipios y Provincias _94104 |
|
| 852 |
_aES-MaACL _jHEM-H-512 _cHEM _hDonación: Editorial _zRevista viva _zCasillero actual: Cº 10 _9203956 |
||
| 856 | 4 |
_uhttp://femp.femp.es/cartalocal_front _yRecurso relacionado |
|
| 866 | _o2019-(2023)2024-2025-2026 | ||
| 942 |
_2udc _n0 _cPERIODICA |
||
| 955 | _bVerónica Torres Díaz | ||
| 999 |
_c196139 _d196139 |
||